000 00759cam a2200217 i 4500
005 20251112132645.0
008 250721s2014 jo gr 000 0 ara d
020 _a9789957742683
082 1 4 _a128
_bح ج ا
100 1 _aحجازي، احمد توفيق.
_eمؤلف.
245 1 2 _aاللؤلؤ المكنون :
_bسرار خفية و آفاق فكرية /
_cالصيدلاني الدكتور أحمد توفيق حجازي.
250 _aالطبعة الاولى.
264 3 1 _aعمان :
_bدار كنوز المعرفة،
_c2013.
300 _a399 صفحة.
650 1 7 _aالوجود.
650 1 7 _aعلم الوجود.
650 1 7 _aعلم النفس.
650 1 7 _aالفلسفة.
942 _2ddc
_cBK
999 _c128189
_d128189